Osoby zmarłe w 2022 - Statystyki

Ogólne statystyki
  • Ten quiz został rozwiązany 358 razy
    357 od ostatniego zresetowania
  • Średni wynik to 4 z 10
Statystyki odpowiedzi
Data śmierci Opis Osoba % Poprawnych
8 września Monarcha brytyjski Elżbieta II
91%
31 grudnia Niemiecki duchowny, emerytowany papież Benedykt XVI
83%
29 grudnia Brazylijski piłkarz, grający przez dużą część kariery w klubie Santos FC Pelé
71%
30 sierpnia Rosyjski polityk, ostatni przywódca Związku Radzieckiego Michaił Gorbaczow
53%
12 grudnia Pierwszy Polak, który był w przestrzeni kosmicznej Mirosław Hermaszewski
49%
?? czerwca Amerykański youtuber, grał na serwerze Dream SMP w Minecrafta Technoblade
32%
28 września Amerykański raper, znany na całym świecie z utworuGangsta's Paradise wydanego w 1995 roku Coolio
23%
19 sierpnia Była najstarszą żyjącą Polką, tytuł ten nosiła przez 5 lat Tekla Juniewicz
14%
26 sierpnia Kobieta, która nosiła powyższy tytuł przeztydzień po śmierci tej powyżej Wanda Szajowska
2%
30 października Piosenkarz z Grudziądza, mieszkający od 1970 roku w Nowym Jorku Mike Cossi
1%
Nie znaleziono quizów pasujących do podanych kryteriów
Rozkład punktacji
Procent ludzi z każdym wynikiem
Percentyl według liczby udzielonych odpowiedzi
Twoja historia wyników
Nie rozwiązałeś tego quizu od ostatniego zresetowania